| 000 | 01193cam a22003377a 4500 | ||
|---|---|---|---|
| 003 | CHAP | ||
| 005 | 20220329133237.0 | ||
| 008 | 971013s1984 r 00010 d | ||
| 010 | _a3839 | ||
| 011 | _a4811 | ||
| 035 | _a4015 | ||
| 040 | _cCHAP | ||
| 082 |
_a317.2 M4 _bZac. |
||
| 110 |
_aInstituto Nacional de Estadística, Geografía e Informática. México _959304 |
||
| 245 | 0 | _aManual de Estadísticas básicas del estado de Zacatecas | |
| 260 |
_aMéxico, D. F. : _bEl Instituto, _c1984 |
||
| 300 | _a989 p | ||
| 500 | _ac.c. Anuario estadístico de Zacatecas | ||
| 590 |
_aBATCH-UPD _b10 _c20130110 _lUCH01 _h0138 |
||
| 590 |
_aBATCH-UPD _b10 _c20130110 _lUCH01 _h1711 |
||
| 590 |
_aBATCH-UPD _b10 _c20130409 _lUCH01 _h2136 |
||
| 590 |
_aBATCH-UPD _b10 _c20130410 _lUCH01 _h1057 |
||
| 590 |
_aBATCH-UPD _b10 _c20130913 _lUCH01 _h2044 |
||
| 590 |
_aCONVERSION _b10 _c20130109 _lUCH01 _h1303 |
||
| 650 | 1 | 4 |
_aAgricultura _xEstadísticas _zZacatecas. _91473 |
| 650 | 1 | 4 |
_aGanadería _xEstadísticas _zZacatecas. _944732 |
| 650 | 1 | 4 |
_aZacatecas _xEstadísticas. _9123407 |
| 901 | _aBK | ||
| 942 | _cLIBRO | ||
| 949 |
_a317.2 M4 Zac. _bBC _cINEGI _d33724000464350 _eINEGI _gI.128567 _h66724 _i4015 _si _t5.00 |
||
| 999 |
_c3839 _d3839 |
||